00353nam a2200145Ia 4500003000400000008004100004040001600045082001800061100001800079245003700097260003600134300000900170650001900179650000900198GCL140319s9999 xx 000 0 eng d aGCL / cGCL04a709.0214bM L1 aMARTIN, HENRY10aL'ART BYZANTIN / cMARTIN, HENRY a[S.N] : bFlam marion ، c1930 a63 P04aART, BYZANTINE04aARTS